[Event "XX SuperGM"]
[Site "Linares ESP"]
[Date "2003.03.08"]
[Round "13"]
[White "Leko, P."]
[Black "Anand, V."]
[Result "1-0"]
[WhiteElo "2736"]
[BlackElo "2753"]
[PlyCount "130"]
[EventDate "2003.02.22"]

1. e4 e5 2. Nf3 Nf6 3. Nxe5 d6 4. Nf3 Nxe4 5. d4 d5 6. Bd3 Nc6 7. O-O Be7 8. c4
Nb4 9. Be2 O-O 10. Nc3 Bf5 (10... Be6 11. Be3 Bf5 12. Rc1 dxc4 13. Bxc4 c6 14.
Ne5 Nxc3 15. bxc3 Nd5 16. Qf3 Be6 17. Bd2 (17. Rfe1 Nxe3 18. Qxe3 Bxc4 19. Nxc4
Bf6 20. Rb1 b6 21. Qf3 Rc8 22. Ne3 g6 $10 {
Kamsky,G-Anand,V/Sanghi Nagar/1994/0,5/33/}) 17... Bg5 18. Bxg5 Qxg5 19. Rfe1
Rae8 20. g3 Qf5 21. Qd1 Nb6 22. Bd3 Qf6 23. Qc2 g6 24. Rb1 $14 {
Topalov,V-Akopian,V/Linares/1-0/54/}) 11. a3 (11. Bf4 c6 12. c5 Qa5 13. Qb3 b6
14. a3 Nxc3 15. Qxc3 Nd3 16. Qxa5 bxa5 17. Bxd3 Bxd3 18. Rfe1 Bf6 $11 {
1/2-1/2 Nokso Koivisto,A-Pihlajasalo,A/Naantali 1996/EXT 98 (21)}) (11. Nxd5
Nxd5 12. cxd5 Qxd5 13. Bf4 c6 $15 {
0-1 Sergeeva,M-Le Thi Phuong Lien/Zagan 1997/CBM 59 ext (61)}) 11... Nxc3 12.
bxc3 Nc6 13. Re1 (13. cxd5 Qxd5 14. Bf4 {
0-1 Anand,V-Ivanchuk,V/Monte Carlo 1999/CBM 69 ext (36).  (36)} (14. c4 Qd6 (
14... Qe4 15. Be3 Bf6 $13 {1-0 Renet,O-Casafus,R/Buenos Aires 1994/CBM 42 (43)}
) 15. Be3 (15. d5 Ne5 16. Nd4 Bd7 17. a4 Rfe8 18. Nb5 Bxb5 19. axb5 Nd7 20. Ra3
Bf6 21. Re3 Nc5 $15 {
1/2-1/2 Tischbierek,R-Jussupow,A/GER-CupT 1992/EXT 97-B (35)}) 15... Bf6 (15...
Rfe8 16. Re1 b6 17. Ra2 Bf6 18. Qd2 Rad8 $132 {
0-1 Kosec,T-Sorli,M/SLO-chW 1996/EXT 97 (60)}) 16. Ra2 Rad8 (16... Rfe8 17. d5
Ne5 18. Nd4 $11) 17. d5 Na5 (17... Ne7 18. Qa4 {><<<} (18. Bxa7 $143 b6 $15)) (
17... Ne5 $5) 18. Nd4 (18. Bd3 Bxd3 19. Qxd3 b6 $11) 18... Bd7) (14. Be3 Rad8
15. c4 Qd6 16. d5 Ne5 17. Nd4 Qg6 18. Nxf5 Qxf5 19. Qa4 b6 20. h3 $14 {
0-1 Nokso Koivisto,A-Hagsberg,R/Turku 1996/EXT 99 (57)})) (13. Bf4 dxc4 14.
Bxc4 Bd6 15. Bg5 (15. Qd2 Bg6 16. Rfe1 Bxf4 17. Qxf4 Qd6 18. Qxd6 cxd6 19. Bd5
$14 {1/2-1/2 Kovalevskaya,E-Vifleemskaia,S/Elista 1996/EXT 98 (26)}) 15... Qd7
16. Bd3 h6 17. Be3 Bxd3 18. Qxd3 Ne7 19. c4 Ng6 20. Rfd1 Rfe8 21. Rab1 b6 $13 {
0-1 Wiese Jozwiak,M-Rzeczycka,B/Jachranka 1987/EXT 97 (58)}) (13. Be3 dxc4 14.
Bxc4 Bf6 15. Bd3 Qd7 16. Rb1 b6 17. Bxf5 Qxf5 18. Qa4 Ne7 19. c4 c6 20. Rbd1
Rfd8 $11 {1/2-1/2 Schmittdiel,E-Panzer,P/BL9091 1991/GER-chT (52)}) 13... Re8 (
13... Bf6 14. Bf4 Rc8 15. cxd5 (15. Qa4 a6 16. Qb3 Na5 $11 {
1/2-1/2 Ljubojevic,L-Jussupow,A/Belgrade 1989/CBM 16 (22)}) 15... Qxd5 16. Nd2
Qd7 17. Nb3 Rce8 18. Nc5 Qc8 19. Qa4 a5 20. Bf3 Rxe1+ 21. Rxe1 Nd8 22. Ne4 Bxe4
23. Rxe4 b6 24. Qc4 Ne6 25. Bg4 Qb7 26. Bf3 b5 27. Qe2 Nxf4 28. Rxf4 Qb6 29.
Rf5 b4 30. axb4 axb4 31. Rb5 Qa6 32. Rxb4 Qa1+ {
1/2-1/2 Shirov,A-Kramnik,V/Monte Carlo 1999/CBM 69 ext (32).}) 14. cxd5 Qxd5
15. Bf4 Rac8 16. Bd3 (16. h3 Bf6 17. Nh2 Qa5 18. Bd2 Rcd8 19. Bf3 h6 20. Ng4
Bxg4 21. hxg4 {1/2-1/2 Kramnik,V-Anand,V/Wijk aan Zee NED 2003/The Week in
Chess 428 (51).  (51)}) (16. c4 Qe4 17. Be3 Bf6 18. Ra2 (18. Rc1 b6 19. h3 Bg6
20. c5 Ne7 {
0-1 Kasparov,G-Karpov,A/New York USA 2002/The Week in Chess 424 (47).  (47)})
18... b6 19. h3 Na5 20. g4 Bg6 21. g5 Be7 22. Ne5 Bd6 23. Nxg6 {
1-0 Kasparov,G-Adams,M/Linares ESP 2002/The Week in Chess 382 (47).  (46)})
16... Qd7 (16... Bxd3 17. Qxd3 h6 18. c4 Qd7 19. Rad1 Bd6 20. Be3 Rcd8 21. Qc3
Qf5 22. d5 Ne5 23. Nxe5 {
1/2-1/2 Nedev,T-Pavasovic,D/Bled SLO 2002/The Week in Chess 417 (23).}) 17. Rb1
Bxd3 18. Qxd3 b6 19. d5 Bf6 20. c4 h6 21. h3 Re7 22. Rbd1 Rd8 23. Rxe7 Nxe7 24.
Ne5 Bxe5 25. Bxe5 Re8 26. Bg3 Nf5 $6 (26... c6 27. d6 Nf5) 27. Bxc7 Qxc7 28.
Qxf5 Qxc4 29. d6 Rd8 30. d7 Qc6 31. g3 a6 32. h4 b5 33. Rd5 a5 $2 (33... Kf8
34. g4) (33... Qe6 34. Qxe6 fxe6 35. Rd6 Kf7 36. f4 g6 37. Kf2 Ke7 38. Rxa6
Rxd7 39. Rb6 Rd3 40. Rxb5 Rxa3 41. h5 Kf6 42. hxg6 Kxg6 43. Re5 Ra6 44. g4 Ra2+
45. Kf3 Ra3+ 46. Ke4 Ra4+) 34. Rxb5 g6 35. Qd5 Qxd7 36. Qxd7 Rxd7 37. Rxa5 Kg7
$2 (37... Rd1+ 38. Kg2 Ra1) (37... h5) 38. a4 Rd1+ 39. Kg2 Ra1 40. g4 Kf6 41.
Kg3 Rc1 $2 (41... Ra3+ 42. Kf4 g5+ 43. hxg5+ hxg5+ 44. Ke4 Kg6 45. Ra6+ f6 46.
Ra7 Ra2 47. f3 Ra3 48. a5 Ra4+ 49. Kd5 Ra3 50. Ke4 Ra4+ 51. Ke3 Ra3+ 52. Kf2
Ra2+ 53. Kg3 Ra3 54. a6) 42. Rb5 g5 43. Rf5+ Kg6 44. h5+ Kg7 45. a5 Ra1 46. Kg2
Re1 47. f3 Re6 48. Kf2 Kf8 49. Rb5 Kg7 50. Rf5 Kf8 51. Rc5 Kg7 52. Rb5 Kf8 53.
Rb6 Re5 54. a6 Kg7 55. a7 Ra5 56. Rb7 Ra3 57. Ke2 Kf6 58. Kd2 Ke6 59. Kc2 f6
60. Kb2 Ra4 61. Kb3 Ra1 62. Kb4 Kd6 63. Rh7 Ke5 64. Kb5 Ra2 65. Kb6 Kd5 1-0

[Event "XX SuperGM"]
[Site "Linares ESP"]
[Date "2003.03.08"]
[Round "13"]
[White "Radjabov, T."]
[Black "Kramnik, V."]
[Result "1/2-1/2"]
[WhiteElo "2624"]
[BlackElo "2807"]
[PlyCount "96"]
[EventDate "2003.02.22"]

1. d4 Nf6 2. c4 e6 3. Nf3 b6 4. Nc3 Bb7 5. a3 d5 6. cxd5 Nxd5 7. Qc2 Nxc3 8.
bxc3 c5 9. e4 Nd7 10. Bf4 Be7 11. d5 (11. Bb5 O-O 12. O-O Nf6 13. Rfe1 a6 14.
Bd3 Rc8 {1/2-1/2 Browne,W-Adorjan,A/New York 1987/CBM 02 (14).}) 11... exd5 12.
exd5 O-O 13. Rd1 g5 14. Be3 g4 15. Ng1 (15. Nd2 f5 16. h3 f4 17. hxg4 Bh4 18.
Nf3 fxe3 19. Rxh4 exf2+ 20. Qxf2 {
1/2-1/2 Lputian,S-Adorjan,A/Hastings 1986/CBM 04 (41).  (41)}) 15... f5 16. h3
Bg5 17. hxg4 Bxe3 18. fxe3 Qg5 19. Bd3 Rae8 20. Ne2 Qxe3 21. c4 Qg3+ 22. Kd2
Qxg4 23. Rh3 Qg5+ 24. Kc3 Re3 25. Rxe3 Qxe3 26. Qd2 Qxd2+ 27. Kxd2 Bc8 28. Nf4
Ne5 29. Re1 Re8 30. Kc3 Bd7 31. Bc2 Kg7 32. Nh5+ Kg6 33. Ng3 Kg5 34. Rf1 Rf8
35. Ne4+ Kg6 36. a4 Nf7 37. Nd2 Re8 38. Nf3 Nd6 39. Bd3 Kf6 40. Ra1 Re3 41. Kd2
Re7 (41... f4 42. a5 Bf5 43. Bf1 Ne4+) 42. a5 Rg7 43. axb6 Rxg2+ 44. Ke3 axb6
45. Rb1 h5 (45... b5 46. cxb5 c4 47. b6 cxd3 48. b7 Nxb7 49. Rxb7 Ke7 50. Kxd3
Rg3 51. Ke3 Kd6 52. Rb6+ Kxd5 53. Rh6 Rg7 54. Nh4) 46. Rxb6 Ke7 47. Ra6 f4+ 48.
Kxf4 Rg4+ 1/2-1/2

[Event "XX SuperGM"]
[Site "Linares ESP"]
[Date "2003.03.09"]
[Round "14"]
[White "Anand, V."]
[Black "Kasparov, G."]
[Result "1/2-1/2"]
[WhiteElo "2753"]
[BlackElo "2847"]
[PlyCount "64"]
[EventDate "2003.02.22"]

1. e4 c5 2. Nf3 Nc6 3. Nc3 g6 4. d4 cxd4 5. Nxd4 Bg7 6. Be3 Nf6 7. Bc4 O-O 8.
Bb3 d6 9. h3 Na5 10. O-O b6 11. Re1 Bb7 12. Bg5 Nxb3 13. axb3 h6 14. Bh4 Qd7 (
14... a6 15. Nd5 e6 (15... Nxd5 16. exd5 Re8 17. c4 {
1-0 Ye Jiangchuan-Fedorov,A/Istanbul 2000/EXT 2001/[Rogozenko] (38).}) 16. Bxf6
Bxf6 17. Nxf6+ Qxf6 18. c3 Rad8 19. Nc2 Rd7 20. Nd4 a5 21. Nc2 Qg5 22. f3 Qc5+
23. Kh1 h5 24. Ra4 Rfd8 25. Qd2 Qc7 26. Raa1 b5 27. Rad1 Qb6 28. Re3 e5 29. Rd3
d5 30. Qg5 Qe6 31. exd5 Bxd5 32. Ne3 Bxb3 33. Qxd8+ Rxd8 34. Rxd8+ Kg7 35. Re1
e4 36. fxe4 Qxe4 37. Rd4 Qe5 38. Rd2 a4 39. Rf2 Kh7 40. Nc2 Qg3 41. Ree2 Bc4
42. Rd2 Qe5 43. Rd1 Bb3 44. Rc1 Qg3 45. Re2 Bc4 46. Rd2 Qe5 {
1/2-1/2 Morovic Fernandez,I-Brunner,L/Buenos Aires 1992/TD (46).}) 15. Qd2 Nh5
16. f3 e5 (16... d5) 17. Nde2 f5 18. Red1 fxe4 19. fxe4 g5 20. Bf2 g4 (20...
Rad8) 21. h4 (21. Qxd6 Qf7 22. Rf1 gxh3) 21... Nf4 22. Qxd6 (22. Nxf4 exf4 23.
Qxd6) 22... Qf7 (22... Qxd6 23. Rxd6) 23. Nxf4 (23. Ng3) 23... exf4 (23... Qxf4
24. Qd2) 24. Qd7 Qxd7 25. Rxd7 Rf7 26. Rd6 Kh7 27. Rad1 Re8 28. Rd7 Ree7 29.
Rxe7 Rxe7 30. Bd4 Rd7 31. Nd5 Bxd5 32. Bxg7 Bc6 1/2-1/2

[Event "XX SuperGM"]
[Site "Linares ESP"]
[Date "2003.03.09"]
[Round "14"]
[White "Vallejo Pons, F."]
[Black "Ponomariov, R."]
[Result "0-1"]
[WhiteElo "2629"]
[BlackElo "2734"]
[PlyCount "106"]
[EventDate "2003.02.22"]

1. Nf3 Nf6 2. d4 e6 3. c4 b6 4. g3 Bb7 5. Bg2 Be7 6. O-O O-O 7. Nc3 Ne4 8. Bd2
Bf6 9. Qc2 Nxd2 10. Qxd2 d6 11. Rfd1 (11. Qc2 g6 12. Rad1 Nd7 13. h4 Qe7 14. d5
{0-1 Ionov,S-Zagrebelny,S/St Petersburg 1994/CBM 41/[Dautov] (40).  (40)}) (11.
d5 Bxc3 12. Qxc3 exd5 13. Nh4 d4 14. Qxd4 Bxg2 15. Nxg2 Nc6 $10) (11. Rad1 $142
Nd7 12. d5 (12. e4) 12... e5 13. h4 $1 g6 14. h5 Bg7 15. hxg6 hxg6 16. e4 $14)
11... Nd7 12. b4 (12. d5 e5 13. e4 (13. Qc2 g6 14. e4 Bg7 15. Bh3 h5 16. b4 Qe7
17. Qe2 {1/2-1/2 Karpov,A-Ehlvest,J/Haninge 1990/CBM 18 (47).  (47)}) 13... g6
14. b4 a5 15. a3 h5 {1/2-1/2 Levin,F-Komarov,D/Dortmund 1992/CBM 29 (15).})
12... g6 13. a4 a5 14. b5 Bg7 15. Rac1 Qe7 16. Qg5 Nf6 17. Ne1 Bxg2 18. Nxg2
Rac8 19. Ne4 Rfd8 20. Ne3 h6 21. Nxf6+ Qxf6 22. Qxf6 Bxf6 23. c5 dxc5 24. dxc5
Bg5 25. c6 Kf8 26. Rd7 Bxe3 27. fxe3 Rxd7 28. cxd7 Rd8 29. Rxc7 Ke7 30. Rb7
Rxd7 31. Rxb6 Rd1+ 32. Kf2 Ra1 33. Rb7+ Kd6 34. Rb6+ Kd5 35. e4+ Kxe4 36. Ra6
Rxa4 37. b6 e5 38. b7 Rb4 39. Ra7 h5 40. h3 f6 41. Rxa5 Rxb7 42. Ra4+ Kf5 43.
e4+ Kg5 44. Ra6 Rf7 45. Kf3 h4 46. Rb6 Rh7 47. Re6 hxg3 48. Kxg3 Rh4 49. Rxf6
Rxh3+ 50. Kxh3 Kxf6 51. Kg4 Kf7 52. Kh4 Kg8 53. Kg4 Kh7 (53... Kh7 54. Kg5 Kg7
55. Kh4 Kh6 56. Kg4 g5 57. Kf5 Kh5 58. Kxe5 g4 59. Kf4 Kh4 60. e5 g3 61. Kf3
Kh3 62. e6 g2 63. Kf2 Kh2 64. Ke2 g1=Q) 0-1

[Event "XX SuperGM"]
[Site "Linares ESP"]
[Date "2003.03.09"]
[Round "14"]
[White "Kramnik, V."]
[Black "Leko, P."]
[Result "1/2-1/2"]
[WhiteElo "2807"]
[BlackElo "2736"]
[PlyCount "69"]
[EventDate "2003.02.22"]

1. e4 c5 2. Nf3 Nc6 3. Nc3 e5 4. Bc4 d6 5. d3 Be7 6. O-O Nf6 7. Ng5 O-O 8. f4
exf4 (8... Bg4 9. Qe1 exf4 10. Bxf4 Nd4 11. Qd2 Qd7 12. h3 Bh5 13. g4 Bg6 14.
Nd5 b5 15. Bb3 Bd8 {
1/2-1/2 Ponomariov,R-Radjabov,T/Linares ESP 2003 (41).  (40)}) 9. Bxf4 h6 10.
Nf3 Be6 11. Nd5 Bxd5 12. exd5 Na5 13. Nh4 Nxc4 14. dxc4 Nxd5 (14... Qd7 15. Bd2
Qg4 16. Nf5 Rfe8 17. Rf3 Kh7 18. Qf1 Bf8 19. Rf4 Qe2 20. Bc3 Qxf1+ 21. Raxf1
Ne4 22. Be1 g6 23. Ng3 f5 24. Nxe4 fxe4 25. Rf7+ Kg8 26. Rxb7 Bg7 27. Rff7 Bd4+
28. Kf1 Bxb2 29. c3 Rf8 30. Rxf8+ Rxf8+ 31. Ke2 Bc1 32. Bg3 e3 33. Rb1 Bd2 34.
Kd3 Rf6 35. a4 a5 36. Rb6 Rf1 37. Rxd6 Rc1 38. Be5 Rd1 39. Rxg6+ Kf7 40. Rf6+
Ke8 41. Bf4 Bc1+ 42. Kc2 Rg1 43. g3 h5 44. Re6+ Kd7 45. Bxe3 Bxe3 46. Rxe3 Rg2+
47. Kb3 Rxh2 48. Re4 Rh3 49. Rh4 Rxg3 50. Rxh5 Rg6 51. Rh7+ Ke8 52. Ra7 {
1-0 Kovalev,A-Sveshnikov,E/Rowy 1999/EXT 2002 (52).}) 15. Qxd5 Bxh4 16. Rad1 b6
17. Bxd6 Be7 18. Be5 Bg5 19. Bd6 Be7 20. Bf4 Bf6 21. c3 Qxd5 22. cxd5 Rad8 23.
Bxh6 Bxc3 24. bxc3 gxh6 25. Rfe1 Rd7 26. c4 a6 27. a4 b5 28. axb5 axb5 29. cxb5
Rb8 30. d6 Rxb5 31. Re7 Rbb7 32. Rxd7 Rxd7 33. Kf2 Kg7 34. Kf3 Kf6 35. Rd5
1/2-1/2